デュエルマスターズ殿堂入りカード - Statistics

General Stats
  • This quiz has been taken 105 times
    6 since last reset
  • The average score is 66 of 129
Answer Stats
文明 コスト 種類 名前 % Correct
3 殿堂 緊急再誕
100%
2 殿堂 一なる部隊イワシン
100%
7 殿堂 “轟轟轟”ブランド
100%
3 殿堂 瞬閃と疾駆と双撃の決断
100%
火/自然 8 殿堂 蒼き団長ドギラゴン剣
100%
光/闇/火 4 殿堂 アリスの突撃インタビュー
100%
水/闇 8 殿堂 ガル・ラガンザーク
100%
水/闇 3 殿堂 絶望神サガ
100%
光/水 8 殿堂 時の法皇ミラダンテⅫ
100%
2 プレ殿 ヘブンズ・フォース
100%
4 プレ殿 ヨミジ丁-二式
100%
5 プレ殿 雷炎翔鎧バルピアレスク
100%
自然 3 プレ殿 母なる大地
100%
自然 3 プレ殿 母なる紋章
100%
自然 4 プレ殿 マリゴルドⅢ
100%
火/自然 7 プレ殿 無双竜機ボルバルザーク
100%
無職 3 プレ殿 ツタンメカーネン
100%
光/水/火 9 殿堂 頂上混成BAKUONSOOO8th
100%
9 殿堂 BAKUOOON・ミッツァイル
100%
1 殿堂 DARK MATERIAL COMPLEX
100%
自然 23 殿堂 幻緑の双月母なる聖域
100%
光水 75 殿堂 天命龍装ホーリーエンドナウ・オア・ネバー
100%
63 プレ殿 機術士ディール本日のラッキーナンバー
100%
5 殿堂 MEGATOON・ドッカンデイヤー
100%
6 殿堂 死神覇王ブラックXENARCH
100%
1 殿堂 ラッキー・ダーツ
67%
5 殿堂 愛銀河マーキュリー・スターフォージ
67%
3 殿堂 ストリーミング・シェイパー
67%
1 殿堂 セイレーン・コンチェルト
67%
3 殿堂 マーシャル・クイーン
67%
7 殿堂 目的不明の作戦
67%
4 殿堂 暗黒鎧ザロスト
67%
5 殿堂 インフェルノ・サイン
67%
10 殿堂 逆転の影ガレック
67%
5 殿堂 邪幽ジャガイスト
67%
7 殿堂 凄惨なる牙パラノーマル
67%
5 殿堂 復讐ブラックサイコ
67%
6 殿堂 不敵怪人アンダケイン
67%
10 殿堂 「無月」の頂$スザーク$
67%
8 殿堂 闇王ゼーロ
67%
3 殿堂 単騎連射マグナム
67%
1 殿堂 ドリル・スコール
67%
自然 4 殿堂 大勇者「鎖風車」
67%
闇/火 4 殿堂 腐敗勇騎ドルマークス
67%
9 プレ殿 奇跡の精霊ミルザム
67%
2 プレ殿 天雷王機ジョバンニⅩ世
67%
5 プレ殿 神の試練
67%
4 プレ殿 フォース・アゲイン
67%
5 プレ殿 インフェルノ・ゲート
67%
自然 5 プレ殿 生命と大地と轟破の決断
67%
自然 3 プレ殿 ビックリ・イリュージョン
67%
光/水 5 プレ殿 音精ラフルル
67%
無色 3 プレ殿 希望のジョー星
67%
自然 1 プレ殿 ベイBジャック
67%
4 殿堂 Dの牢閣メメント守神宮
67%
水光 143 殿堂 魔導管理室カリヤドネハーミット・サークル
67%
612 プレ殿 ヴォルグ・サンダー雷獣ヴォルグ・ティーガー
67%
自然 47
10
殿堂 邪帝斧ボアロアックス邪帝遺跡ボアロパゴス 我臥牙ヴェロキボアロス
67%
35 8 殿堂 爆熱剣バトライ刃爆熱天守バトライ閣 爆熱DXバトライ武神
67%
光自然 92 殿堂 超七極Gio 巨大設計図
67%
火/自然 5 コンビ殿堂 未来王龍モモキングJO
67%
闇/火 2 コンビ殿堂 禁断英雄モモキングダムX
67%
3 殿堂 光牙忍ハヤブサマル
33%
2 殿堂 瞬封の使徒サグラダ・ファミリア
33%
5 殿堂 ポジトロン・サイン
33%
4 殿堂 予言者マリエル
33%
2 殿堂 エメラル
33%
8 殿堂 エンペラー・キリコ
33%
1 殿堂 海底鬼面城
33%
5 殿堂 月下旋壊ド・リュミーズ
33%
5 殿堂 龍素知新
33%
5 殿堂 ホーガン・ブラスター
33%
1 殿堂 怨念怪人ギャスカ
33%
6 殿堂 黒神龍ブライゼナーガ
33%
2 殿堂 困惑の影 トラブル・アルケミスト
33%
3 殿堂 蝕王の晩餐
33%
3 殿堂 デビル・ドレーン
33%
5 殿堂 盗掘人形モールス
33%
6 殿堂 超神羅星アポロヌス・ドラゲリオン
33%
7 殿堂 超竜バジュラ
33%
5 殿堂 “龍装”チュリス
33%
2 殿堂 暴龍警報
33%
6 殿堂 メガ・マナロック・ドラゴン
33%
自然 4 殿堂 アラゴト・ムスビ
33%
自然 4 殿堂 カラフル・ダンス
33%
自然 2 殿堂 次元の霊峰
33%
自然 4 殿堂 蛇手の親分ゴエモンキー!
33%
自然 5 殿堂 侵革目パラスラプト
33%
自然 5 殿堂 バロン・ゴーヤマ
33%
自然 1 殿堂 フェアリー・ギフト
33%
自然 5 殿堂 陰陽の舞
33%
水/火 7 殿堂 疾風怒闘キューブリック
33%
闇/自然 6 殿堂 無双恐皇ガラムタ
33%
無色 7 殿堂 ジョット・ガン・ジョラゴン
33%
2 プレ殿 アクア・メルゲ
33%
3 プレ殿 緊急プレミアム殿堂
33%
6 プレ殿 蒼狼の始祖アマテラス
33%
3 プレ殿 転生プログラム
33%
2 プレ殿 裏切りの魔狼月下城
33%
4 プレ殿 スケルトン・バイス
33%
7 プレ殿 フューチャー・スラッシュ
33%
8 プレ殿 ヘル・スラッシュ
33%
3 プレ殿 ロスト・チャージャー
33%
自然 6 プレ殿 呪紋の化身
33%
光/闇 7 プレ殿 聖鎧亜キング・アルカディアス
33%
38 プレ殿 der'Zen Mondo♪必殺で つわとのどもが 夢の跡
33%
7 殿堂 サイバー・I・チョイス
33%
光/闇/火 15 殿堂 竜魔神王バルカディア・NEX
33%
自然 3 殿堂 S級原始サンマッド
33%
6 殿堂 禁断機関VV‐8
33%
6 殿堂 斬隠オロチ
0%
6 殿堂 ハイドロ・ハリケーン
0%
3 殿堂 クローン・バイス
0%
6 殿堂 魔天降臨
0%
7 殿堂 魔龍バベルギヌス
0%
7 殿堂 インフィニティ・ドラゴン
0%
自然 8 殿堂 樹食の超人
0%
自然 3 殿堂 再誕の社
0%
光/水 6 殿堂 常勝ディス・オプティマス
0%
水/自然 5 殿堂 ミラクルとミステリーの扉
0%
4 プレ殿 アクア・パトロール
0%
3 プレ殿 ヒラメキ・プログラム
0%
4 プレ殿 レアリティ・レジスタンス
0%
6 プレ殿 ソウル・アドバンテージ
0%
自然 2 プレ殿 ダンディ・ナスオ
0%
闇/自然 5 プレ殿 鎧亜戦隊ディス・マジシャン
0%
5 殿堂 暗黒鎧ダースシスK
0%
5 殿堂 邪神M・ロマノフ
0%
6 殿堂 熱き侵略レッドゾーンZ
0%
No matching quizzes found
Score Distribution
Percent of People with Each Score
Percentile by Number Answered
Your Score History
You have not taken this quiz since the last reset